[Event "II. CLANSKA LIGA ZAHOD 2016"]
[Site "Komenda"]
[Date "2016.11.13"]
[Round "5.1"]
[White "Kodric, Vladimir"]
[Black "Jukan, Nesib"]
[Result "0-1"]
[WhiteElo "1945"]
[BlackElo "1996"]
[PlyCount "78"]
[EventDate "2016.11.13"]
[WhiteTeam "SK LOSKA DOLINA"]
[BlackTeam "SK TRZIN"]

1. d4 d5 2. c3 Nf6 3. Bf4 Bf5 4. e3 e6 5. Bd3 Bg6 6. Qc2 Bd6 7. Bg5 Nbd7 8. Nd2
Bxd3 9. Qxd3 c6 10. Ngf3 Qc7 11. Bh4 h6 12. Bg3 c5 13. a3 O-O 14. O-O Rad8 15.
Rfe1 Bxg3 16. hxg3 e5 17. dxe5 Nxe5 18. Nxe5 Qxe5 19. Nf3 Qe6 20. Rad1 Ne4 21.
Nd2 Nf6 22. Qc2 Rd7 23. Nf3 Rfd8 24. Rd2 Ne4 25. Rde2 Rd6 26. c4 dxc4 27. Rc1
b5 28. a4 a6 29. axb5 axb5 30. Ra1 b4 31. Qa4 c3 32. Qa5 Qc4 33. Rc2 Qb3 34.
Ne1 cxb2 35. Rb1 Nc3 36. Rbxb2 Qc4 37. Kh2 Rc8 38. Nf3 Ra6 39. Nd2 Qe6 0-1

[Event "II. CLANSKA LIGA ZAHOD 2016"]
[Site "Komenda"]
[Date "2016.11.13"]
[Round "5.2"]
[White "Rijavec, Stane"]
[Black "Drobnic, Milan"]
[Result "0-1"]
[WhiteElo "1909"]
[BlackElo "1892"]
[PlyCount "66"]
[EventDate "2016.11.13"]
[WhiteTeam "SK TRZIN"]
[BlackTeam "SK LOSKA DOLINA"]

1. Nf3 Nf6 2. d4 e6 3. Bf4 b6 4. e3 Bb7 5. Bd3 Be7 6. O-O O-O 7. Nbd2 d6 8. c3
Nbd7 9. Qe2 c5 10. Rac1 Qc7 11. e4 e5 12. Bg3 Nh5 13. Nh4 g6 14. h3 Rae8 15.
Nhf3 Bf6 16. dxe5 Nxg3 17. fxg3 Bxe5 18. Ng5 Kg7 19. Bc4 Bf6 20. Nxf7 d5 21.
Rxf6 Nxf6 22. Bb5 Kxf7 23. Bxe8+ Rxe8 24. Rf1 Qxg3 25. Rf3 Qe5 26. Qf1 dxe4 27.
Nc4 exf3 28. Nxe5+ Rxe5 29. gxf3 Rf5 30. f4 Nd5 31. Qb5 Kg7 32. Qa4 Nxf4 33.
Qxa7 Ne2+ 0-1

[Event "II. CLANSKA LIGA ZAHOD 2016"]
[Site "Komenda"]
[Date "2016.11.13"]
[Round "5.3"]
[White "Stanic, Vitko"]
[Black "Rojs, Igor"]
[Result "0-1"]
[WhiteElo "1764"]
[BlackElo "1986"]
[PlyCount "82"]
[EventDate "2016.11.13"]
[WhiteTeam "SK LOSKA DOLINA"]
[BlackTeam "SK TRZIN"]

1. d4 Nf6 2. Nf3 d5 3. g3 Bf5 4. Bg2 e6 5. Bg5 Be7 6. Nbd2 Nbd7 7. O-O h6 8.
Bxf6 Nxf6 9. Re1 O-O 10. c3 c5 11. Nb3 b6 12. e3 Rc8 13. Nbd2 Ne4 14. Nxe4 Bxe4
15. Nd2 Bg6 16. h3 f5 17. f4 Kh7 18. Bf3 Be8 19. Bh5 g6 20. Be2 g5 21. Bh5 Rg8
22. Kh2 a5 23. a3 Bd6 24. Rc1 Rc7 25. Rg1 Rcg7 26. Qe2 Qc7 27. Bxe8 Rxe8 28.
Kh1 Reg8 29. Qf2 c4 30. Nf1 gxf4 31. g4 fxg4 32. Rc2 g3 33. Qf3 Qf7 34. e4 dxe4
35. Qxe4+ Qg6 36. Qxg6+ Rxg6 37. Kg2 e5 38. dxe5 Bc5 39. Rh1 f3+ 40. Kxf3 g2
41. Rxg2 Rxg2 0-1

[Event "II. CLANSKA LIGA ZAHOD 2016"]
[Site "Komenda"]
[Date "2016.11.13"]
[Round "5.4"]
[White "Leben, Dusan"]
[Black "Siraj, Dejan"]
[Result "1-0"]
[WhiteElo "1879"]
[BlackElo "1886"]
[PlyCount "68"]
[EventDate "2016.11.13"]
[WhiteTeam "SK TRZIN"]
[BlackTeam "SK LOSKA DOLINA"]

1. e4 e5 2. Nf3 Nc6 3. Bb5 f5 4. Bxc6 dxc6 5. Nxe5 Qd4 6. Qh5+ g6 7. Nxg6 hxg6
8. Qxg6+ Kd8 9. d3 Ne7 10. Qg3 fxe4 11. O-O Rg8 12. Qe3 Qxe3 13. fxe3 exd3 14.
cxd3 Bh6 15. e4 Bxc1 16. Rxc1 Bh3 17. Rc2 Kd7 18. Rf2 Rg7 19. Nc3 Rag8 20. g3
Ng6 21. Ne2 Ke7 22. Rc1 Rf8 23. Rc2 Rgf7 24. Nc1 Ne5 25. Rxf7+ Rxf7 26. Rf2
Nf3+ 27. Kh1 Ne1 28. Kg1 Rf3 29. Rxf3 Nxf3+ 30. Kh1 Ke6 31. Ne2 Ke5 32. Nf4 Bf1
33. h4 Kd4 34. Ne6+ Kxd3 {nejasno (75)} 1-0

[Event "II. CLANSKA LIGA ZAHOD 2016"]
[Site "Komenda"]
[Date "2016.11.13"]
[Round "5.5"]
[White "Bavec, Vinko"]
[Black "Bajec, Borut"]
[Result "0-1"]
[WhiteElo "1567"]
[BlackElo "1794"]
[PlyCount "240"]
[EventDate "2016.11.13"]
[WhiteTeam "SK LOSKA DOLINA"]
[BlackTeam "SK TRZIN"]

1. d4 d5 2. Nf3 Nf6 3. g3 e6 4. Bg2 Be7 5. O-O O-O 6. Bg5 Nbd7 7. Nc3 c5 8. e3
b6 9. a3 Ba6 10. Re1 Rc8 11. Na2 h6 12. Bxf6 Bxf6 13. c3 Be7 14. Nc1 Bd6 15.
Nb3 Nf6 16. Nfd2 Re8 17. e4 dxe4 18. Nxe4 Nxe4 19. Bxe4 Bc4 20. dxc5 Bxb3 21.
Qxb3 Bxc5 22. Rf1 Qf6 23. Rad1 Rcd8 24. Qc2 a5 25. b4 axb4 26. cxb4 Bd4 27. Bc6
Re7 28. b5 Ra7 29. a4 h5 30. h4 Qe5 31. Kg2 Qd6 32. Bf3 g6 33. Bc6 Qb4 34. Be4
Kg7 35. Bc6 Rxa4 36. Qe2 Qe7 37. Qc2 Rb4 38. Qd2 e5 39. Qe1 Rb2 40. Rd2 Rb3 41.
Re2 g5 42. hxg5 Qxg5 43. Re4 f5 44. Rxe5 Bxe5 45. Qxe5+ Qf6 46. Qc7+ Kh6 47.
Qf4+ Kg6 48. Qc4 Rbd3 49. Be8+ Kh6 50. Rh1 Rc3 51. Qf4+ Kg7 52. Bxh5 Rc5 53.
Be2 Re8 54. Qf3 Qg5 55. Qd3 Rce5 56. Bf3 Rd8 57. Qc3 Qf6 58. Bc6 f4 59. Qf3 Rg5
60. Rh3 fxg3 61. Qxf6+ Kxf6 62. fxg3 Rd2+ 63. Kf3 Rd3+ 64. Kf4 Rd4+ 65. Kf3 Rc5
66. Rh6+ Kg7 67. Re6 Kf7 68. Re4 Rxe4 69. Kxe4 Ke6 70. Kf4 Kf6 71. g4 Rc4+ 72.
Kf3 Kg5 73. Bd7 Rd4 74. Be6 Kf6 75. Bc8 Rb4 76. Bd7 Kg5 77. Kg3 Rb3+ 78. Kf2
Kf4 79. Ke2 Ke4 80. Be8 Rb2+ 81. Kd1 Kf4 82. Kc1 Re2 83. Bd7 Re5 84. Kb2 Rd5
85. Bc6 Rd6 86. Kc3 Kxg4 87. Kc4 Kf4 88. Bb7 Ke3 89. Bd5 Rd8 90. Be6 Rd4+ 91.
Kc3 Re4 92. Bd7 Re5 93. Bc6 Rc5+ 94. Kb4 Kd3 95. Be8 Rc4+ 96. Kb3 Rc1 97. Kb2
Re1 98. Bc6 Kc4 99. Bd7 Re2+ 100. Ka3 Kc3 101. Bc6 Re1 102. Ka2 Kc2 103. Bd7
Re5 104. Ka3 Re7 105. Bc6 Kc3 106. Ka2 Re2+ 107. Ka3 Re1 108. Ka2 Kb4 109. Bd7
Re2+ 110. Kb1 Kb3 111. Kc1 Kc3 112. Kb1 Kb4 113. Kc1 Re5 114. Kc2 Rxb5 115.
Bxb5 Kxb5 116. Kb3 Kc5 117. Kc3 b5 118. Kb3 b4 119. Kc2 Kc4 120. Kb2 b3 0-1

[Event "II. CLANSKA LIGA ZAHOD 2016"]
[Site "Komenda"]
[Date "2016.11.13"]
[Round "5.6"]
[White "Banfi, Gregor"]
[Black "Sharku, Hysen"]
[Result "1/2-1/2"]
[WhiteElo "1609"]
[BlackElo "2041"]
[PlyCount "59"]
[EventDate "2016.11.13"]
[WhiteTeam "SK TRZIN"]
[BlackTeam "SK LOSKA DOLINA"]

1. e4 c5 2. Nf3 Nc6 3. d4 cxd4 4. Nxd4 e5 5. Nb5 a6 6. Nd6+ Bxd6 7. Qxd6 Qf6 8.
Qd1 Nge7 9. Nc3 O-O 10. Bc4 Qg6 11. g3 Nd4 12. f3 b5 13. Nd5 Nxd5 14. Bxd5 Rb8
15. c3 Nc6 16. Be3 Bb7 17. O-O h5 18. Kh1 Ne7 19. Bxb7 Rxb7 20. Bc5 Qe6 21. Rf2
Rc8 22. Bxe7 Qxe7 23. a3 Rc6 24. Rd2 h4 25. g4 h3 26. Qf1 Rh6 27. Rad1 d6 28.
Qd3 Qf6 29. Qe3 Rg6 30. Rd5 1/2-1/2

[Event "II. CLANSKA LIGA ZAHOD 2016"]
[Site "Komenda"]
[Date "2016.11.13"]
[Round "5.1"]
[White "Kersic, Matej"]
[Black "Butala, Marjan"]
[Result "1/2-1/2"]
[WhiteElo "2152"]
[BlackElo "2015"]
[PlyCount "82"]
[EventDate "2016.11.13"]
[WhiteTeam "SK STARI MAYR KRANJ"]
[BlackTeam "KPSRD KAREL JERAJ LJUBLJANA"]

1. e4 Nf6 2. e5 Nd5 3. d4 d6 4. c4 Nb6 5. exd6 exd6 6. Nc3 Nc6 7. h3 Be7 8. Nf3
O-O 9. Be2 Bf5 10. O-O Bf6 11. Bf4 Re8 12. b3 Rc8 13. Rc1 Be4 14. Nxe4 Rxe4 15.
Be3 Qe7 16. Bd3 Rxe3 17. fxe3 Qxe3+ 18. Kh1 Nxd4 19. Nxd4 Qxd4 20. Qf3 Rf8 21.
Rcd1 Qh4 22. Qxb7 Be5 23. Qe4 Qxe4 24. Bxe4 c5 25. Bd5 g6 26. g4 h6 27. Kg2 Kg7
28. Rd3 a5 29. h4 f6 30. h5 Nxd5 31. Rxd5 Rb8 32. Rd3 g5 33. Kf3 Kf7 34. Ke4
Ke6 35. Rb1 Rf8 36. Rf3 Rc8 37. a3 Rc7 38. Kd3 Rb7 39. Rf2 Rb8 40. Ke4 Rc8 41.
Rc2 Ra8 1/2-1/2

[Event "II. CLANSKA LIGA ZAHOD 2016"]
[Site "Komenda"]
[Date "2016.11.13"]
[Round "5.2"]
[White "Mlacnik, Franc"]
[Black "Podvrsnik, Marko"]
[Result "1/2-1/2"]
[WhiteElo "2019"]
[BlackElo "2186"]
[PlyCount "56"]
[EventDate "2016.11.13"]
[WhiteTeam "KPSRD KAREL JERAJ LJUBLJANA"]
[BlackTeam "SK STARI MAYR KRANJ"]

1. e4 c5 2. d4 cxd4 3. c3 dxc3 4. Nxc3 Nc6 5. Nf3 d6 6. Bc4 e6 7. O-O a6 8. Qe2
Qc7 9. Bf4 Ne5 10. Bb3 Be7 11. Rac1 Qb8 12. a4 Nf6 13. Rfd1 O-O 14. h3 b6 15.
Nd4 Bd7 16. Bh2 Qb7 17. f4 Nc6 18. Nf3 Rac8 19. Kh1 Na5 20. Ba2 b5 21. e5 Ne8
22. f5 d5 23. fxe6 Bxe6 24. axb5 Nc7 25. bxa6 Nxa6 26. Bxd5 Bxd5 27. Nxd5 Rxc1
28. Nxe7+ Qxe7 1/2-1/2

[Event "II. CLANSKA LIGA ZAHOD 2016"]
[Site "Komenda"]
[Date "2016.11.13"]
[Round "5.3"]
[White "Djuric, Petar"]
[Black "Mlacnik, Janez"]
[Result "1-0"]
[WhiteElo "2112"]
[BlackElo "1874"]
[PlyCount "53"]
[EventDate "2016.11.13"]
[WhiteTeam "SK STARI MAYR KRANJ"]
[BlackTeam "KPSRD KAREL JERAJ LJUBLJANA"]

1. c4 e6 2. Nf3 f5 3. Nc3 Nf6 4. g3 d5 5. d3 c6 6. Bg2 d4 7. Nb1 e5 8. O-O Bd6
9. Na3 Qe7 10. Nc2 O-O 11. b4 c5 12. bxc5 Bxc5 13. Rb1 Nc6 14. Nd2 Re8 15. Nb3
Bd6 16. Bg5 h6 17. Bxf6 Qxf6 18. e3 dxe3 19. Nxe3 f4 20. Nd5 Qg5 21. Nd2 fxg3
22. hxg3 Bg4 23. Bf3 Bh3 24. Ne4 Qd8 25. Bg2 Bxg2 26. Kxg2 b6 27. Qg4 1-0

[Event "II. CLANSKA LIGA ZAHOD 2016"]
[Site "Komenda"]
[Date "2016.11.13"]
[Round "5.4"]
[White "Vertacnik, Viktor"]
[Black "Urh, Zala"]
[Result "0-1"]
[WhiteElo "1570"]
[BlackElo "2036"]
[PlyCount "76"]
[EventDate "2016.11.13"]
[WhiteTeam "KPSRD KAREL JERAJ LJUBLJANA"]
[BlackTeam "SK STARI MAYR KRANJ"]

1. e4 e5 2. Nf3 Nc6 3. Bc4 Bc5 4. c3 Nf6 5. d3 a6 6. O-O d6 7. a4 h6 8. b4 Ba7
9. Nbd2 O-O 10. Bb3 Ne7 11. Re1 Ng6 12. Nc4 Nh7 13. h3 Ng5 14. Nxg5 hxg5 15.
Qh5 Nf4 16. Bxf4 gxf4 17. Nd2 Qf6 18. Nf3 g6 19. Qh6 c6 20. Ng5 Qg7 21. Qxg7+
Kxg7 22. Rad1 c5 23. bxc5 dxc5 24. Bd5 Rb8 25. Rb1 b5 26. axb5 axb5 27. Bc6 f6
28. Nf3 b4 29. cxb4 cxb4 30. Bd5 Bd7 31. Rec1 Rfc8 32. Rxc8 Bxc8 33. Rc1 Bb6
34. Nd2 Ba6 35. Bc4 Bxc4 36. Rxc4 Bd4 37. Nb3 Bc3 38. Kf1 Ra8 0-1

[Event "II. CLANSKA LIGA ZAHOD 2016"]
[Site "Komenda"]
[Date "2016.11.13"]
[Round "5.5"]
[White "Bulatovic, Milorad"]
[Black "Cizman, Gregor"]
[Result "1-0"]
[WhiteElo "1864"]
[BlackElo "1611"]
[PlyCount "64"]
[EventDate "2016.11.13"]
[WhiteTeam "SK STARI MAYR KRANJ"]
[BlackTeam "KPSRD KAREL JERAJ LJUBLJANA"]

1. b3 d5 2. Bb2 e6 3. e3 Nf6 4. f4 Be7 5. Nf3 Nbd7 6. c4 c6 7. Bd3 a6 8. O-O b5
9. cxd5 cxd5 10. Nc3 Bb7 11. Rc1 Rc8 12. Bb1 O-O 13. Ne2 Rxc1 14. Nxc1 Qb6 15.
Nd3 Rc8 16. Nfe5 Qc7 17. Qe2 Ne4 18. a3 Qd8 19. Nxd7 Qxd7 20. Ne5 Qd8 21. b4 g6
22. Bd4 f5 23. Bd3 Nd6 24. Bc3 Nc4 25. Ra1 Ra8 26. a4 Qe8 27. a5 Rc8 28. Rb1
Qf8 29. Nd7 Qe8 30. Nf6+ Bxf6 31. Bxf6 Bc6 32. Bxc4 dxc4 {nejasno (44)} 1-0

[Event "II. CLANSKA LIGA ZAHOD 2016"]
[Site "Komenda"]
[Date "2016.11.13"]
[Round "5.6"]
[White "Ulaga, Karel"]
[Black "Urh, Robert"]
[Result "1/2-1/2"]
[WhiteElo "1732"]
[BlackElo "1672"]
[PlyCount "33"]
[EventDate "2016.11.13"]
[WhiteTeam "KPSRD KAREL JERAJ LJUBLJANA"]
[BlackTeam "SK STARI MAYR KRANJ"]

1. e4 c5 2. Nf3 e6 3. d4 Qb6 4. d5 Nf6 5. e5 Nxd5 6. Bc4 Qb4+ 7. Nbd2 Nc6 8. a3
Qa5 9. O-O g6 10. Nb3 Qc7 11. Bxd5 exd5 12. Qxd5 Nd8 13. Be3 Ne6 14. Nbd2 Be7
15. Ne4 O-O 16. Rad1 Kg7 17. Nd6 1/2-1/2

[Event "II. CLANSKA LIGA ZAHOD 2016"]
[Site "Komenda"]
[Date "2016.11.13"]
[Round "5.1"]
[White "Anakiev, Dimitar"]
[Black "Hasanagic, Anel"]
[Result "0-1"]
[WhiteElo "2018"]
[BlackElo "2219"]
[PlyCount "114"]
[EventDate "2016.11.13"]
[WhiteTeam "SD RADOVLJICA"]
[BlackTeam "SD JESENICE"]

1. Nf3 f5 2. e4 fxe4 3. Ng5 e5 4. d3 Be7 5. dxe4 g6 6. h4 h6 7. Nf3 d6 8. Nc3
Nf6 9. Be2 c6 10. Nd2 Be6 11. Nf1 h5 12. Bg5 Nbd7 13. Ne3 Nh7 14. Bxe7 Qxe7 15.
Nc4 Bxc4 16. Bxc4 O-O-O 17. Qe2 Nhf8 18. O-O-O Ne6 19. Qe3 Nb6 20. Bb3 Rhf8 21.
a4 Kb8 22. a5 Nc8 23. Rd2 Rf6 24. Ba2 Rdf8 25. Nd1 Rf4 26. f3 Nc7 27. Qe1 Nb5
28. Ne3 Qc7 29. Rd3 Qe7 30. Qg3 R4f6 31. Rhd1 Nd4 32. Qe1 Rf4 33. a6 bxa6 34.
Qa5 Qb7 35. Bc4 Nb5 36. Rb3 R4f6 37. Bf1 Nb6 38. c4 Nd4 39. Ra3 c5 40. Nd5 Nxd5
41. cxd5 Nb3+ 42. Rxb3 Qxb3 43. Rd3 Qb6 44. Qa4 c4 45. Rc3 R6f7 46. Bxc4 Rb7
47. Bb3 Qg1+ 48. Bd1 Qxg2 49. b3 Qf1 50. Qc6 Rd8 51. Rc4 Qf2 52. Rc3 Qb6 53.
Qa4 Qb4 54. Qc6 Qxc3+ 55. Qxc3 Rc7 56. Kd2 Rxc3 57. Kxc3 Rf8 0-1

[Event "II. CLANSKA LIGA ZAHOD 2016"]
[Site "Komenda"]
[Date "2016.11.13"]
[Round "5.2"]
[White "Rodman, Franc"]
[Black "Buha, Drago"]
[Result "1/2-1/2"]
[WhiteElo "2078"]
[BlackElo "1964"]
[PlyCount "72"]
[EventDate "2016.11.13"]
[WhiteTeam "SD JESENICE"]
[BlackTeam "SD RADOVLJICA"]

1. Nf3 d5 2. c4 c6 3. e3 Nf6 4. Nc3 e6 5. Qc2 Bd6 6. b3 Na6 7. Bb2 O-O 8. d4
Bb4 9. Bd3 Bd6 10. a3 h6 11. O-O Nc7 12. e4 dxe4 13. Nxe4 Nxe4 14. Bxe4 Ne8 15.
Qe2 Bd7 16. Rfd1 Qc7 17. Bc2 Rd8 18. Ne5 Bc8 19. c5 Be7 20. b4 f5 21. Ng6 Rf7
22. Bb3 Rf6 23. Nxe7+ Qxe7 24. d5 Rg6 25. d6 Qg5 26. g3 Bd7 27. Be5 Nf6 28. Rd4
Ne4 29. f3 Nc3 30. Qf2 Nd5 31. f4 Qh5 32. Bd1 Qh3 33. Bf3 Re8 34. a4 h5 35. Bg2
Qg4 36. Ra3 Rh6 1/2-1/2

[Event "II. CLANSKA LIGA ZAHOD 2016"]
[Site "Komenda"]
[Date "2016.11.13"]
[Round "5.3"]
[White "Torkar, Boris"]
[Black "Zeleznik, Alojz"]
[Result "0-1"]
[WhiteElo "1864"]
[BlackElo "2170"]
[PlyCount "98"]
[EventDate "2016.11.13"]
[WhiteTeam "SD RADOVLJICA"]
[BlackTeam "SD JESENICE"]

1. d4 d5 2. c4 dxc4 3. e4 e5 4. d5 Nf6 5. Bg5 c6 6. Bxc4 Bb4+ 7. Nd2 Bxd2+ 8.
Qxd2 Nxe4 9. Bxd8 Nxd2 10. Kxd2 Kxd8 11. Nf3 f6 12. Rhd1 cxd5 13. Bxd5 Nc6 14.
Ke3 Ke7 15. Bxc6 bxc6 16. Rac1 Bd7 17. Nd2 Rhd8 18. b3 Be8 19. Rc5 Rd5 20. Rdc1
Rad8 21. Rxd5 cxd5 22. Rc7+ Rd7 23. Rc8 Bg6 24. b4 Rb7 25. a3 Kd6 26. Rc5 Rc7
27. Ra5 Bc2 28. Nf3 Bb3 29. Ne1 Bc4 30. Kd2 f5 31. Nd3 Bxd3 32. Kxd3 e4+ 33.
Kd4 Rc4+ 34. Ke3 g5 35. Rxa7 Rc2 36. Kd4 Rc4+ 37. Ke3 d4+ 38. Kd2 d3 39. Ra5 f4
40. Rxg5 Rc2+ 41. Kd1 e3 42. fxe3 fxe3 43. Rg3 e2+ 44. Ke1 Rc1+ 45. Kf2 e1=Q+
46. Kf3 Qe2+ 47. Kf4 Rc4+ 48. Kg5 Qe5+ 49. Kh6 Qf6+ 0-1

[Event "II. CLANSKA LIGA ZAHOD 2016"]
[Site "Komenda"]
[Date "2016.11.13"]
[Round "5.4"]
[White "Jeraj, Zlatko"]
[Black "Kocevar, Tugomir"]
[Result "1/2-1/2"]
[WhiteElo "2062"]
[BlackElo "1942"]
[PlyCount "138"]
[EventDate "2016.11.13"]
[WhiteTeam "SD JESENICE"]
[BlackTeam "SD RADOVLJICA"]

1. d4 Nf6 2. c4 e6 3. Nf3 d5 4. Nc3 c5 5. e3 Nc6 6. cxd5 exd5 7. Bb5 a6 8.
Bxc6+ bxc6 9. Qa4 Bd7 10. O-O c4 11. Ne5 c5 12. Nxd7 Qxd7 13. Qxd7+ Kxd7 14.
Na4 Kc6 15. b3 cxb3 16. dxc5 bxa2 17. Rxa2 Be7 18. Bb2 Rhb8 19. Bd4 Ne8 20.
Rfa1 Bd8 21. Kf1 f6 22. Ke2 Bc7 23. f4 f5 24. h3 Nf6 25. Nb6 Bxb6 26. cxb6 Kb7
27. Ra5 Rd8 28. Kd3 Ne8 29. g4 fxg4 30. hxg4 h6 31. Ke2 Rd7 32. Kf3 Rd6 33. Rc1
Rad8 34. Kg3 R6d7 35. Kf3 Rd6 36. Rca1 Ra8 37. Rh1 Rc8 38. Rh5 Rcd8 39. g5 hxg5
40. Rxg5 R8d7 41. Ra1 Re6 42. Rag1 Ree7 43. Rg6 Rf7 44. R6g2 Nf6 45. Ra1 Rf8
46. Rga2 Ra8 47. Rc1 Ne8 48. Rac2 Rf7 49. Kg4 Rd8 50. Kg5 Re7 51. f5 Rf7 52.
Rc5 Rdd7 53. Rc6 Nd6 54. Rc7+ Rxc7 55. Rxc7+ Rxc7 56. bxc7 Kxc7 57. Bxg7 Kd7
58. Bf8 Nc4 59. Bc5 a5 60. Kg6 a4 61. Kg7 Ke8 62. f6 Ne5 63. Ba3 Nf7 64. Kg6
Ne5+ 65. Kf5 Nc4 66. Bc5 Kf7 67. e4 dxe4 68. Kxe4 Kxf6 69. Kd3 a3 1/2-1/2

[Event "II. CLANSKA LIGA ZAHOD 2016"]
[Site "Komenda"]
[Date "2016.11.13"]
[Round "5.5"]
[White "Krivec, Metod"]
[Black "Pavlin, Ivan"]
[Result "1/2-1/2"]
[WhiteElo "1778"]
[BlackElo "1882"]
[PlyCount "81"]
[EventDate "2016.11.13"]
[WhiteTeam "SD RADOVLJICA"]
[BlackTeam "SD JESENICE"]

1. d4 d5 2. c4 e6 3. Nf3 Nf6 4. Nc3 Be7 5. Qc2 O-O 6. e3 b6 7. Bd3 Bb7 8. cxd5
exd5 9. O-O Nbd7 10. Rd1 g6 11. b3 Re8 12. Bb2 Bf8 13. Rac1 c6 14. Qb1 Bh6 15.
h3 Qe7 16. Re1 Ne4 17. Rcd1 f5 18. Ne2 Rad8 19. a3 Qf6 20. b4 b5 21. Qc2 Nb6
22. g3 Nc4 23. Bxc4 bxc4 24. Ne5 Bf8 25. f3 Nd6 26. Kh2 Nf7 27. f4 Nd6 28. Nc3
Re6 29. Rg1 Ne4 30. Nxe4 fxe4 31. Bc3 Bd6 32. Rdf1 Qg7 33. Rf2 Rf6 34. Rgf1
Rdf8 35. Qe2 Bb8 36. Kg2 Bc8 37. h4 h5 38. Be1 Bxe5 39. fxe5 Rxf2+ 40. Rxf2 Bg4
41. Rxf8+ 1/2-1/2

[Event "II. CLANSKA LIGA ZAHOD 2016"]
[Site "Komenda"]
[Date "2016.11.13"]
[Round "5.6"]
[White "Ravnik, Franc"]
[Black "Pretnar, Bostjan"]
[Result "1/2-1/2"]
[WhiteElo "1920"]
[BlackElo "1730"]
[PlyCount "81"]
[EventDate "2016.11.13"]
[WhiteTeam "SD JESENICE"]
[BlackTeam "SD RADOVLJICA"]

1. e4 Nf6 2. Nc3 d5 3. exd5 Nxd5 4. Nxd5 Qxd5 5. Nf3 Bg4 6. Be2 e6 7. d4 Bb4+
8. c3 Bd6 9. O-O Qh5 10. g3 Nd7 11. Re1 Rd8 12. Nh4 Bxe2 13. Qxe2 Qxe2 14. Rxe2
Be7 15. Ng2 c6 16. b3 O-O 17. Bb2 Bf6 18. Rae1 Nb6 19. Ne3 g6 20. Kg2 Rd7 21.
f4 h5 22. h3 Rfd8 23. Kf3 Be7 24. g4 hxg4+ 25. hxg4 c5 26. Rd2 cxd4 27. Rxd4
Rxd4 28. cxd4 Bf6 29. Rd1 Nd5 30. Nxd5 Rxd5 31. Ke4 Kf8 32. Rc1 Bd8 33. g5 Ke8
34. Rc5 Rd6 35. Rc4 Kd7 36. a3 a6 37. Rc3 Bb6 38. Rd3 Bc7 39. b4 b5 40. Rc3 Rc6
41. Ba1 1/2-1/2

[Event "II. CLANSKA LIGA ZAHOD 2016"]
[Site "Komenda"]
[Date "2016.11.13"]
[Round "5.1"]
[White "Markosek, Maj"]
[Black "Luzar, Emil"]
[Result "1-0"]
[WhiteElo "1919"]
[BlackElo "2176"]
[PlyCount "55"]
[EventDate "2016.11.13"]
[WhiteTeam "SK KOMENDA"]
[BlackTeam "SK DOLENJSKE TOPLICE"]

1. d4 Nf6 2. c4 g6 3. f3 Bg7 4. e4 d6 5. Nc3 O-O 6. Bg5 c6 7. Qd2 Re8 8. Nge2
Nbd7 9. Nc1 e5 10. d5 Qc7 11. Be2 a5 12. O-O h6 13. Be3 Nh5 14. Nd3 g5 15. a3
Nf8 16. b4 Ng6 17. dxc6 bxc6 18. b5 Nhf4 19. g3 Nxe2+ 20. Nxe2 d5 21. cxd5 cxd5
22. Rac1 Qd7 23. Nc5 Qxb5 24. Nc3 Qb8 25. Nxd5 Bh3 26. Rfd1 f5 27. Nd7 Qd8 28.
Bb6 1-0

[Event "II. CLANSKA LIGA ZAHOD 2016"]
[Site "Komenda"]
[Date "2016.11.13"]
[Round "5.2"]
[White "Pucelj, Joze"]
[Black "Trebusak, Anton"]
[Result "1-0"]
[WhiteElo "2084"]
[BlackElo "1872"]
[PlyCount "51"]
[EventDate "2016.11.13"]
[WhiteTeam "SK DOLENJSKE TOPLICE"]
[BlackTeam "SK KOMENDA"]

1. e4 c6 2. d4 d5 3. exd5 cxd5 4. Bd3 Nf6 5. c3 e6 6. Nf3 Bd6 7. Bg5 Nbd7 8.
O-O Qc7 9. Re1 h6 10. Bh4 O-O 11. Qe2 a6 12. Nbd2 Nh5 13. Bc2 b5 14. Ne5 Nhf6
15. Qd3 g5 16. Bg3 Kg7 17. Nxf7 Rxf7 18. Qg6+ Kf8 19. Qxh6+ Rg7 20. Nf3 g4 21.
Ng5 Nb6 22. Qxf6+ Kg8 23. Nxe6 Qe7 24. Qxg7+ Qxg7 25. Nxg7 Kxg7 26. Bxd6 1-0

[Event "II. CLANSKA LIGA ZAHOD 2016"]
[Site "Komenda"]
[Date "2016.11.13"]
[Round "5.3"]
[White "Kralj, Nejc"]
[Black "Muhic, Jure"]
[Result "1/2-1/2"]
[WhiteElo "1695"]
[BlackElo "1870"]
[PlyCount "81"]
[EventDate "2016.11.13"]
[WhiteTeam "SK KOMENDA"]
[BlackTeam "SK DOLENJSKE TOPLICE"]

1. e4 c6 2. d4 d5 3. exd5 cxd5 4. Bd3 Nc6 5. c3 Nf6 6. Bf4 e6 7. h3 Bd6 8. Bxd6
Qxd6 9. Nf3 O-O 10. O-O e5 11. dxe5 Nxe5 12. Nxe5 Qxe5 13. Nd2 b6 14. Nf3 Qc7
15. Nd4 Bb7 16. Re1 Rfe8 17. Qf3 a6 18. Re3 Rxe3 19. Qxe3 Re8 20. Qg5 h6 21.
Qd2 Ne4 22. Re1 Qd7 23. Qf4 Nc5 24. Rxe8+ Qxe8 25. Bc2 Ne6 26. Qe5 Qc8 27. Bf5
Qc7 28. Qe3 Nf8 29. Qe8 Qd6 30. Bg4 g6 31. h4 h5 32. Bh3 Kg7 33. Nf3 Bc6 34.
Qe3 Bd7 35. Bxd7 Nxd7 36. Qd4+ f6 37. Qe3 Ne5 38. Nxe5 fxe5 39. Qg5 Qf6 40.
Qxf6+ Kxf6 41. Kf1 1/2-1/2

[Event "II. CLANSKA LIGA ZAHOD 2016"]
[Site "Komenda"]
[Date "2016.11.13"]
[Round "5.4"]
[White "Janko, Roman"]
[Black "More, Erlend"]
[Result "1-0"]
[WhiteElo "1862"]
[BlackElo "1650"]
[PlyCount "77"]
[EventDate "2016.11.13"]
[WhiteTeam "SK DOLENJSKE TOPLICE"]
[BlackTeam "SK KOMENDA"]

1. e4 c6 2. d4 d5 3. e5 Bf5 4. g4 Bg6 5. Nh3 e6 6. Nf4 Be7 7. Nc3 a6 8. Be3 Nd7
9. Ng2 Qc7 10. h4 h6 11. f4 O-O-O 12. Qd2 c5 13. O-O-O c4 14. f5 Bh7 15. Nf4
Qc6 16. Bg2 Nb6 17. Qf2 Bb4 18. Bd2 Kb8 19. Bh3 Ne7 20. Nh5 exf5 21. gxf5 g6
22. Nf6 gxf5 23. Rhg1 h5 24. Nxh7 Rxh7 25. Bxf5 Nxf5 26. Qxf5 Rdh8 27. Rdf1 Be7
28. Bg5 Bxg5+ 29. Qxg5 Qd7 30. Rf6 Nc8 31. Qf4 Ka8 32. Qf3 Rf8 33. Nxd5 Rhh8
34. c3 Rhg8 35. Rf1 Rg7 36. Rxa6+ Kb8 37. Rf6 Rg4 38. Rxf7 Rxf7 39. Qxf7 1-0

[Event "II. CLANSKA LIGA ZAHOD 2016"]
[Site "Komenda"]
[Date "2016.11.13"]
[Round "5.5"]
[White "Mlakar, Matej"]
[Black "Gorse, Damjan"]
[Result "0-1"]
[WhiteElo "1503"]
[BlackElo "1784"]
[PlyCount "94"]
[EventDate "2016.11.13"]
[WhiteTeam "SK KOMENDA"]
[BlackTeam "SK DOLENJSKE TOPLICE"]

1. e4 c5 2. Nc3 Nc6 3. f4 d6 4. Nf3 Nf6 5. Bb5 a6 6. Bxc6+ bxc6 7. d3 g6 8. O-O
Bg7 9. Qe1 O-O 10. h3 h5 11. Qg3 e6 12. Nh4 d5 13. e5 Ne8 14. Nf3 Qb6 15. Kh1
a5 16. Na4 Qa7 17. Qf2 d4 18. b3 Ba6 19. Ba3 Nc7 20. Bxc5 Qb7 21. Bxf8 Bxf8 22.
Qxd4 Nd5 23. a3 Rc8 24. c4 c5 25. Qb2 Nxf4 26. g3 Nxd3 27. Qc3 Qe4 28. Nb2 Nxb2
29. Qxb2 Rd8 30. Rae1 Qf5 31. Kh2 Bb7 32. Qf2 Bh6 33. Nh4 Qxf2+ 34. Rxf2 Rd3
35. Ref1 Be3 36. Rb2 Bd4 37. Re2 g5 38. Ng2 Rxb3 39. h4 Bf3 40. Ra2 gxh4 41.
Nxh4 Bg4 42. Kg2 Bxe5 43. Nf3 Bc7 44. a4 Bf5 45. Rff2 Rc3 46. Rab2 Be4 47. Rb7
Bxb7 0-1

[Event "II. CLANSKA LIGA ZAHOD 2016"]
[Site "Komenda"]
[Date "2016.11.13"]
[Round "5.6"]
[White "Kregulj, Andrej"]
[Black "Zidar, Jernej"]
[Result "1-0"]
[WhiteElo "1717"]
[BlackElo "1272"]
[PlyCount "111"]
[EventDate "2016.11.13"]
[WhiteTeam "SK DOLENJSKE TOPLICE"]
[BlackTeam "SK KOMENDA"]

1. d4 d5 2. Bf4 Nf6 3. e3 e6 4. Nf3 c5 5. Be2 Be7 6. O-O O-O 7. h3 b6 8. c4 Bb7
9. Nc3 Nbd7 10. Rc1 Rc8 11. Nb5 a6 12. Nd6 Bxd6 13. Bxd6 Re8 14. Bd3 Nf8 15.
Bf4 Ng6 16. Bg3 Rc6 17. cxd5 exd5 18. Ne5 Nxe5 19. Bxe5 c4 20. Bb1 b5 21. Qc2
g6 22. a3 a5 23. Qd2 Qb6 24. Bc2 Rce6 25. f4 Nd7 26. f5 R6e7 27. fxg6 hxg6 28.
Bf4 b4 29. Qf2 Qf6 30. Qg3 Qg7 31. Ba4 Bc8 32. Rc2 b3 33. Rcf2 Nf6 34. Bxe8 Ne4
35. Qh4 Rxe8 36. Be5 Rxe5 37. Qd8+ Qf8 38. Qxf8+ Kxf8 39. Rxf7+ Kg8 40. dxe5
Be6 41. Re7 Bf5 42. g4 Nd2 43. gxf5 Nxf1 44. Kxf1 gxf5 45. Ke2 Kf8 46. Rc7 Ke8
47. Kd2 a4 48. Kc3 Kd8 49. Ra7 d4+ 50. Kxd4 Kc8 51. Kxc4 Kb8 52. Rd7 Kc8 53. e6
f4 54. exf4 Kb8 55. e7 Kc8 56. e8=Q# 1-0